Szczegóły MARC21

Der Gestiefelte Kater : Kindermärchen in drei Akten mit zwischenspielen, einem Prologe und Epiloge /

003 -Nazwa inst., której nr kontr. jest w polu 001 [,]
    • @
    • Nazwa instytucji, której n kontrolny jest w polu 001
    • NUKAT
005 -DATA I CZAS OSTATNIEJ MODYFIKACJI [,]
    • @
    • pole kontrolne
    • 20241231094628.0
020 -Międzynarod. znormalizowany nr książki - ISBN [ , ]
    • a
    • Numer ISBN
    • 3150089166 Find
040 -Instytucja sporządzająca opis [ , ]
    • a
    • Instytucja, która sporządziła opis (NP)
    • LUBL KUL/AGK
    • b
    • Język katalogowania
    • pol
    • e
    • Zasady katalogowania
    • rda
    • c
    • Instytucja, która sporządziła rekord (NP)
    • LUBL KUL/AGKs
    • d
    • Instytucja, która zmodyfikowała rekord (P)
    • LUBL KUL/ALT
942 -Rodzaj dokumentu [ , ]
    • c
    • Rodzaj dokumentu
    • Książka
100 -Hasło główne - nazwa osobowa [1, ]
    • a
    • Nazwa osobowa (NP)
    • Tieck, Ludwig
    • d
    • Daty biograficzne (NP)
    • (1773-1853).
    • e
    • Rodzaj współpracy
    • Autor
    • 9
    • KHW
    • 254769
240 -Tytuł ujednolicony [1,0]
    • a
    • Tytuł ujednolicony
    • Gestiefelte Kater
    • l
    • Język tekstu
    • (niem.)
    • 9
    • KHW
    • 550463
245 -Strefa tytułu i oznaczenia odpowiedzialności [1,4]
    • a
    • Tytuł
    • Der Gestiefelte Kater : Find
    • b
    • Ciąg dalszy tytułu (NP)
    • Kindermärchen in drei Akten mit zwischenspielen, einem Prologe und Epiloge / Find
    • c
    • Pozostałe elementy strefy tytułu i oznaczenia odpowiedzialności (NP)
    • Ludwig Tieck ; herausgegeben von Helmut Kreuzer.
260 -Strefa adresu wydawniczego [ , ]
    • a
    • Miejsce wydania (P)
    • Stuttgart :
    • b
    • Nazwa wydawcy (P)
    • Philipp Reclam jun.,
    • c
    • Data wydania (P)
    • © 1992.
300 -Strefa opisu fizycznego [ , ]
    • a
    • Określenie formy książki i/lub objętość (NP)
    • 80 stron ;
    • c
    • Format (NP)
    • 15 cm.
336 -Typ zawartości [ , ]
    • a
    • Termin opisujący typ zawartości
    • Tekst
    • b
    • Kod określający zawartość
    • txt
    • 2
    • Źródło (terminu i kodu)
    • rdacontent
337 -Typ mediów [ , ]
    • a
    • Tryb odtwarzania
    • Bez urządzenia pośredniczącego
    • b
    • Kod typu mediów
    • n
    • 2
    • Źródło (terminu i kodu)
    • rdamedia
338 -Typ/rodzaj nośnika [ , ]
    • a
    • Hasło opisujące typ nośnika
    • Wolumin
    • b
    • Kod typu nośnika
    • nc
    • 2
    • Źródło (terminu i kodu)
    • rdacarrier
490 -Strefa serii i książki wielotomowej - forma nie do wyszukiwania [1, ]
    • a
    • Tytuł (P)
    • Universal-Bibliothek ; Find
    • v
    • Numeracja (P)
    • Nr. 8916
830 -Hasło dodatkowe serii i opisu książki wielotomowej - tytuł ujednolicony/tytuł [ ,0]
    • a
    • Tytuł ujednolicony/tytuł (NP)
    • Reclams Universal-Bibliothek
    • x
    • ISSN
    • 0722-8511
    • v
    • Oznaczenie tomu (NP)
    • Bd. 8916
    • 9
    • KHW
    • 12680
500 -Uwaga ogólna [ , ]
    • a
    • Uwaga ogólna (NP)
    • Durchgesehene und bibliographisch ergänzte Ausgabe 1984, [Nachdr.].
080 -Uniwersalna Klasyfikacja Dziesiętna [ , ]
    • a
    • Symbol klasyfikacji
    • 830-2=30
655 -Hasło w funkcji tematu formalnego [ ,7]
    • a
    • Hasło
    • Dramat niemiecki
    • y
    • Określnik chronologiczny
    • 18 w.
    • 2
    • Źródło terminu
    • kaba
    • 9
    • KHW
    • 401791
980 -Symbol UKD [ , ]
    • a
    • UKD
    • 830-2=30
700 -Hasło dodatkowe - nazwa osobowa [1, ]
    • a
    • Nazwa osobowa (NP)
    • Kreuzer, Helmut Find
    • d
    • Daty biograficzne (NP)
    • (1927-2004).
    • e
    • Określenie rodzaju współpracy
    • Redakcja
    • 9
    • KHW
    • 550461
710 -Hasło dodatkowe - nazwa ciała zbiorowego [2, ]
    • a
    • Nazwa ciała zbiorowego lub nazwa geograficzna jako pierwszy element (NP)
    • Philipp Reclam junior (Stuttgart).
    • e
    • Rodzaj współpracy
    • Wydawca
    • 4
    • Kod relacji
    • pbl
    • 9
    • KHW
    • 51247
920 -ISBN [ , ]
    • a
    • ISBN
    • 3-15-008916-6 Find
Status udost. Numer inwentarzowy Lokalizacja Data inwentaryzacji Sygnatura
1G.9516BM1994-01-18 
-3G.9520BM1994-01-18Germ. Literatura dla dzieci 32
-3G.9515BM1994-01-18Germ. Literatura dla dzieci 24
-3G.9517BM1994-01-18Germ. Literatura dla dzieci 25
-3G.9518BM1994-01-18Germ. Literatura dla dzieci 26
-3G.9519BM1994-01-18Germ. Literatura dla dzieci 27
-3G.9521BM1994-01-18Germ. Literatura dla dzieci 28
-3G.9522BM1994-01-18Germ. Literatura dla dzieci 29
-3G.9523BM1994-01-18Germ. Literatura dla dzieci 30
-3G.9524BM1994-01-18Germ. Literatura dla dzieci 31